5HLuxD.jpg

KING HENRY VIII SENIOR AND PRIMARY SCHOOL LIBRARY OPAC

PLAYHOUSE DISNEY ENCYCLOPEDIA (Record no. 4981)

000 -LEADER
fixed length control field 00279nam a22001217a 4500
008 - FIXED-LENGTH DATA ELEMENTS--GENERAL INFORMATION
fixed length control field 250429b ||||| |||| 00| 0 eng d
020 ## - INTERNATIONAL STANDARD BOOK NUMBER
International Standard Book Number 694202758922
082 ## - DEWEY DECIMAL CLASSIFICATION NUMBER
Classification number 030 KEL
100 ## - MAIN ENTRY--PERSONAL NAME
Personal name DISNEY
245 ## - TITLE STATEMENT
Title PLAYHOUSE DISNEY ENCYCLOPEDIA
260 ## - PUBLICATION, DISTRIBUTION, ETC.
Name of publisher, distributor, etc. DNMC PUBLISHER
942 ## - ADDED ENTRY ELEMENTS (KOHA)
Source of classification or shelving scheme
Holdings
Withdrawn status Lost status Source of classification or shelving scheme Damaged status Not for loan Collection code Permanent Location Current Location Shelving location Date acquired Full call number Barcode Date last seen Price effective from Koha item type Public note
          Fiction KH8 Primary School Library KH8 Primary School Library Fiction 2025-04-29 030 KEL KHPL000006983 2025-12-05 2025-04-29 Books - Fiction KH8 PRIMARY LIBRARY

Powered By KH8 IT Dept